[Event "EU-Cup 33rd"]
[Site "Antalya"]
[Date "2017.10.11"]
[Round "4.3"]
[White "Fedoseev, Vladimir1"]
[Black "Roiz, Michael"]
[Result "1/2-1/2"]
[WhiteElo "2733"]
[BlackElo "2604"]
[Annotator "Roiz,M"]
[PlyCount "107"]
[EventDate "2017.10.08"]
[EventType "team-swiss"]
[EventRounds "7"]
[EventCountry "TUR"]
[SourceTitle "CBM 181"]
[Source "ChessBase"]
[SourceDate "2017.11.10"]
[SourceVersion "1"]
[SourceVersionDate "2017.11.10"]
[SourceQuality "1"]
[WhiteTeam "Mednyi Vsadnik"]
[BlackTeam "Beer Sheva"]
[WhiteTeamCountry "RUS"]
[BlackTeamCountry "ISR"]

1. e4 e5 2. Nf3 Nc6 3. Bc4 Bc5 4. d3 Nf6 5. Nc3 (5. O-O {is what Vladimir
successfully played vs GM Negi this year.}) 5... O-O ({The most common
continuation is} 5... d6 6. Na4 Bb6 7. O-O {A recent high-level game saw the
players entering into a sharp position after} Na5 $5 8. Bd5 c6 9. Nxb6 axb6 10.
Bxf7+ Kxf7 11. b4 Rf8 12. bxa5 Rxa5 13. Bd2 Ra6 $132 {Ragger,M - Laznicka,V
Novy Bor CZE 2017}) 6. O-O ({A long time ago, I didn't face any problems after
} 6. Bg5 Be7 7. a4 d6 8. O-O Kh8 9. h3 Be6 10. Re1 a6 11. Rb1 h6 12. Bxf6 Bxf6
$11 {Kogan,A - Roiz,M Helsingor 2008}) 6... h6 7. Na4 {This move was played
rapidly, as was it was still a part of GM Fedoseev's home preparation. However,
I was quite happy to see the opponent's knight moving away from the centre.} ({
During the game, I was mainly focused on} 7. Be3 {, but it looks rather
harmless:} Bxe3 ({But} 7... d6 $5 {might lead to a very unbalanced position:}
8. Bxc5 dxc5 9. Bb5 Nd4 10. Nxe5 Nxb5 11. Nxb5 Qe8 12. Nxc7 Qxe5 13. Nxa8 Ng4
14. g3 Bd7 15. h3 Nf6 16. f4 $132) 8. fxe3 d6 9. a3 (9. Qe1 Na5 $11) 9... Be6
10. Bxe6 fxe6 11. d4 exd4 12. exd4 e5 $11 {Sek,K - Smirnov,P Vladivostok RUS
2015}) 7... Be7 8. a3 {Securing the bishop on the a2-g8 diagonal.} d6 (8... d5
$6 {is premature:} 9. exd5 Nxd5 10. Re1 {and the pressure on the Pe5 is rather
unpleasant.}) 9. h3 Be6 {This natural move is a novelty.} ({The previously
played} 9... a6 10. Nc3 Be6 {, Corlatescu,D-Ionescu,C Sovata 2002, seems
logical and can be well met by} 11. Nd5 Qd7 12. Be3 {, and White's position is
somewhat better.}) 10. Bxe6 ({Most probably,} 10. Re1 {would be met by} Nd4 ({
A more complex position might arise after} 10... a6 11. Nc3 Nxe4 12. Rxe4 d5
13. Nxe5 dxe4 14. Nxc6 bxc6 15. Bxe6 fxe6 16. Nxe4 $44 {White has full
compensation for an exchange.}) 11. Nc3 Nxf3+ 12. Qxf3 c6 $11) 10... fxe6 11.
Nc3 (11. c4 {looks more consistent, intending to seize some space on the
queenside. However, exposing the d4-spot isn't to everyone's taste. The play
might continue:} Nh5 ({Another possibility is} 11... Nd4 12. Nxd4 exd4 13. f4
e5 $132) 12. Nc3 Qe8 13. Be3 Qg6 $132 {, and Black's counterplay on the k-side
shouldn't be underestimated.}) 11... Qe8 {The queen is moving towards g6-spot
and supporting the potential transfer of the knight to f4} ({I didn't fully
trust the committal} 11... d5 $5 {, but it is deserving of serious attention
too:} 12. Re1 Bd6 13. b4 a6 $132) 12. d4 {This ambitious advance is the most
natural way of handling the position.} (12. Ne2 Nh5 13. c3 Qg6 14. Kh2 d5 $132
{offers Black lots of activity on the kingside.}) 12... Nxd4 13. Nxd4 exd4 14.
Qxd4 Qc6 ({Strangely enough, I didn't even consider the other natural option:} 
14... Qf7 $5 15. f4 (15. e5 Nd5 16. exd6 Bf6 17. Qd3 Nxc3 18. bxc3 cxd6 $11)
15... c5 16. Qd3 d5 17. e5 Nd7 $132) 15. e5 {This was almost forced.} ({
In the event of} 15. Be3 Nd7 16. Qd2 Bf6 17. Bd4 Ne5 18. b3 Ng6 {Black's
position looks more flexible.}) 15... dxe5 {Black's active piece play fully
compensates for some structural drawbacks,} ({but there was no reason for
rejecting} 15... Nd5 16. Nxd5 ({After} 16. Qg4 $6 Nxc3 17. Qxe6+ (17. Bxh6 Ne2+
18. Kh1 Rf7 $17) 17... Kh7 18. bxc3 Rae8 $36 {White's position is almost
ruined.}) 16... Qxd5 17. Qg4 Qxe5 18. Bxh6 Bf6 19. c3 Qf5 $11) 16. Qxe5 Nd5 (
16... Rae8 $5 17. Qb5 Qxb5 18. Nxb5 Nd5 19. c4 a6 20. cxd5 axb5 21. dxe6 Bc5
$11) 17. Nxd5 Qxd5 18. Qe2 {At this moment I was experiencing some time
problems, so keeping the queens on the board seems a correct decision.} (18.
Qxc7 {is harmless:} Bd6 19. Qc3 Rac8 20. Qb3 Qxb3 21. cxb3 Rc2 22. Be3 Rxb2 23.
Rfd1 Bf4 24. Bxa7 Rxb3 $11) 18... Bc5 {The pressure on the Pf2 isn't that
effective.} ({A simpler way of equalising was} 18... Rad8 19. Be3 Qe5 $1 20. c3
Bd6 21. g3 Bc5 $11 22. Qb5 $140 $4 Rxf2 $1 23. Bxf2 Bxf2+ 24. Rxf2 Qxb5 $19)
19. c3 $5 {This tricky move doesn't pose Black any serious problems, but it
was really unexpected.} (19. Bd2 Rf5 20. Rad1 Raf8 21. Bb4 Qe5 22. Qxe5 Rxe5
23. Rd7 Rf7 $11) 19... Rf6 ({I fully missed that after} 19... Rad8 20. b4 Bb6
21. c4 {the bishop is not gone:} Bxf2+ $1 22. Rxf2 Qd4 23. Qxe6+ (23. Rb1 $2
Qxf2+ 24. Qxf2 Rd1+ $19) 23... Kh8 24. Raa2 Qd1+ 25. Kh2 Qxc1 $11) 20. b4 ({
Once again, Vladimir is deviating from the major simplifications:} 20. Be3 Qe4
21. Rae1 Bxe3 22. Qxe3 Qxe3 23. Rxe3 Rd8 $11) 20... Bd6 ({Funnily} 20... Rg6
21. g4 {only leaves the Rg6 misplaced , though after} Bd6 22. c4 Qe5 23. Qxe5
Bxe5 24. Ra2 Bd4 25. Kg2 e5 $11 {the problem would be solved.}) 21. Rd1 Qe5 {
Liquidating into a very safe endgame.} (21... Qf5 $5 {was also good enough:}
22. c4 b6 23. Bb2 Rg6 24. Qd3 a5 $11) 22. Qxe5 Bxe5 23. Bb2 Rf7 $1 {Keeping
the bishop on the long diagonal is worth a pawn!} ({The passive strategy would
invite some troubles:} 23... Re8 $6 24. Re1 Bd6 25. c4 Rf7 26. c5 Bf8 27. Rad1
$14) 24. Re1 (24. Rd3 Bf6 25. Rad1 c5 {is absolutely fine for Black.}) 24...
Bf6 25. Rxe6 Rd8 26. Re2 Rfd7 27. c4 ({Nothing is achieved by} 27. Rae1 Rd2 28.
Kf1 Rxb2 29. Rxb2 Bxc3 $11) 27... Rd1+ 28. Rxd1 Rxd1+ 29. Kh2 Bxb2 30. Rxb2 b6
$11 {The activity of Black's rook fully compensates for a pawn.} 31. b5 (31. c5
Rd3 32. a4 Ra3 $11) 31... Rd3 32. Re2 (32. a4 Rc3 33. Rb4 Kf7 34. a5 Ke6 35.
axb6 axb6 36. Ra4 g5 {is absolutely safe for Black.}) 32... Rxa3 $6 {This
mistake allows White to keep the extra pawn.} ({The correct way was} 32... Kf7
33. Re3 Rd2 34. Kg3 Rc2 $11) 33. Re8+ Kh7 34. Rc8 $6 {This natural move is
actually a blunder.} ({Vladimir had to play} 34. Re7) 34... a6 $6 {Returning
the favour!} ({After} 34... c5 $1 35. bxc6 Rc3 $11 {the game would end in a
draw at once.}) 35. bxa6 Rxa6 36. Rxc7 Ra3 $1 {Luckily, this strong move
enables me to swap the last queenside pawns.} 37. f3 (37. f4 {wouldn't change
anything:} Rb3 38. f5 Kg8 39. g4 b5 40. c5 Rc3 41. h4 b4 42. g5 hxg5 43. hxg5
b3 44. g6 Kf8 $11) 37... Rb3 38. Kg3 Rb4 ({Of course, not} 38... b5 $2 39. c5
b4 40. Kf4 Rc3 41. Ke4 b3 42. Kd5 $18) 39. f4 b5 40. c5 Rc4 41. f5 Kg8 {
The remaaining few moves had little chess value.} 42. Kf3 b4 43. g4 b3 44. Rb7
Rxc5 45. Rxb3 Kf7 46. Rb7+ Kf6 47. Rb6+ Kf7 48. Kf4 Rc3 49. h4 Rc4+ 50. Kf3
Rc3+ 51. Ke2 Rc4 52. g5 hxg5 53. hxg5 Rc5 54. Rb7+ 1/2-1/2

[Event "Sochi-B"]
[Site "Sochi"]
[Date "1989.??.??"]
[Round "?"]
[White "Kallai, Gabor"]
[Black "Ivanov, Jordan"]
[Result "1/2-1/2"]
[WhiteElo "2405"]
[BlackElo "2300"]
[Annotator "Schussler,H"]
[PlyCount "20"]
[EventDate "1989.10.??"]
[EventType "tourn"]
[EventRounds "11"]
[EventCountry "URS"]
[EventCategory "7"]
[SourceTitle "CBM 016"]
[Source "ChessBase"]
[SourceDate "1990.06.01"]
[SourceVersion "1"]
[SourceVersionDate "1990.06.01"]
[SourceQuality "1"]

1. e4 e5 2. Nf3 Nc6 3. Nc3 Nf6 4. Bc4 Bb4 (4... Nxe4 5. Nxe4 $1 d5 6. Bd3 dxe4
7. Bxe4 Bd6 $10) 5. O-O O-O 6. d3 Bxc3 7. bxc3 Qe7 8. Bg5 h6 9. Bxf6 Qxf6 10.
h3 d6 1/2-1/2

[Event "Voskresensk"]
[Site "Voskresensk"]
[Date "1990.??.??"]
[Round "?"]
[White "Kholmov, Ratmir D"]
[Black "Zeitlein, Michael"]
[Result "1-0"]
[WhiteElo "2485"]
[BlackElo "2465"]
[Annotator "Schussler,H"]
[PlyCount "75"]
[EventDate "1990.07.??"]
[EventType "tourn"]
[EventRounds "11"]
[EventCountry "URS"]
[EventCategory "9"]
[SourceTitle "CBM 019"]
[Source "ChessBase"]
[SourceDate "1990.12.01"]
[SourceVersion "1"]
[SourceVersionDate "1990.12.01"]
[SourceQuality "1"]

1. e4 e5 2. Nf3 Nc6 3. Bc4 Bc5 4. d3 Nf6 5. Nc3 d6 6. Bg5 h6 7. Bxf6 Qxf6 8.
Nd5 Qd8 9. c3 a6 10. d4 Ba7 11. dxe5 dxe5 12. Qe2 Bc5 13. O-O-O Bd6 14. Rd2 O-O
(14... b5 15. Bb3 Na5 16. Nb6 $1 Nxb3+ 17. axb3 Rb8 18. Nxc8 Qxc8 $14 {
Kotronias-Arnason, Reykjavik 1988.}) 15. Rhd1 Qe8 16. Nh4 b5 17. Bb3 Na5 18.
Nb6 Nxb3+ 19. axb3 cxb6 20. Rxd6 Qe7 21. Qh5 Be6 22. Nf5 Bxf5 23. Qxf5 Rad8 24.
Rd7 Rxd7 25. Rxd7 Qh4 26. h3 g6 27. Qf3 a5 28. Kb1 a4 29. b4 Qg5 30. g3 f5 31.
Qd3 fxe4 32. Qxb5 a3 33. Qd5+ Kh8 34. Qxe4 axb2 35. f4 exf4 36. Qd4+ Qf6 37.
gxf4 Kg8 38. Kxb2 {Sure Black is lost, but even so he could have played some
more moves.} 1-0

[Event "EU-chT (Men) 09th"]
[Site "Haifa"]
[Date "1989.??.??"]
[Round "7.2"]
[White "Inkiov, Ventzislav"]
[Black "Schussler, Harry"]
[Result "1-0"]
[WhiteElo "2475"]
[BlackElo "2540"]
[Annotator "Schussler,H"]
[PlyCount "57"]
[EventDate "1989.11.23"]
[EventType "team-swiss"]
[EventRounds "9"]
[EventCountry "ISR"]
[SourceTitle "EU-chT"]
[Source "ChessBase"]
[SourceDate "1999.07.01"]
[SourceVersion "2"]
[SourceVersionDate "1999.07.01"]
[SourceQuality "1"]
[WhiteTeam "Bulgaria"]
[BlackTeam "Sweden"]
[WhiteTeamCountry "BUL"]
[BlackTeamCountry "SWE"]

1. e4 e5 2. Bc4 Nf6 3. d3 Nc6 4. Nf3 Bc5 5. Nc3 a6 6. Bg5 h6 7. Bxf6 Qxf6 8.
Nd5 Qd8 9. c3 d6 10. d4 Ba7 (10... exd4 11. cxd4 Ba7 12. h3 O-O 13. O-O Be6 14.
Rc1 $14) 11. dxe5 dxe5 12. Qe2 Bg4 (12... Bc5 $5 13. Rd1 Bd6 14. O-O O-O 15.
Ne3 {/\ Bd5, Nc4+/=}) 13. Rd1 Qb8 (13... Qc8 $142) 14. b4 (14. Nb4 $6 O-O (
14... Nxb4 $2 15. Bxf7+ $1) 15. Nxc6 bxc6 16. Rd2 Bc5 17. O-O Bxf3 18. Qxf3 Bd6
$10) 14... O-O 15. h3 Be6 (15... Bxf3 16. Qxf3 $16) 16. O-O Re8 17. Nh4 b5 18.
Bb3 Ne7 (18... a5 19. a3 axb4 20. axb4 Bb6 21. Nf5 Bxf5 22. exf5 Ra3 $16) 19.
Nf6+ gxf6 20. Bxe6 fxe6 21. Qg4+ Kh8 (21... Kh7 22. Rd7 $18) (21... Kf7 22.
Qh5+ Kg7 23. Rd3 $18) (21... Kf8 22. Qh5 Rd8 (22... Ng8 23. Rd7 Re7 24. Ng6+
Ke8 25. Nxe5+ $18) 23. Qxh6+ Kf7 24. Qh7+ Kf8 25. Ng6+ Nxg6 26. Qxg6 Rd6 (26...
Rxd1 27. Qxf6+ Kg8 28. Qxe6+ Kf8 29. Rxd1 $18) 27. Qxf6+ Kg8 28. Rxd6 cxd6 29.
Qxe6+ Kf8 30. Rd1 $18) 22. Rd7 Rg8 (22... Qc8 23. Rxe7 Rxe7 24. Ng6+ Kh7 25.
Nxe7 Qf8 26. Qxe6 $18) 23. Qxe6 Qf8 24. Rxe7 Rd8 25. Nf5 Rg6 26. Rxc7 Bb8 27.
Rf7 Qe8 (27... Qg8 28. Nh4) 28. Qxe8+ Rxe8 29. Rd1 1-0